000 00788nam a22002657a 4500
003 CBULib
005 20240920081726.0
008 230914b |||||||| |||| 00| 0 eng d
020 _a9781788165105
040 _bEnglish
_cCBULib
_erda
041 _aeng
050 _aQB 981 Ton
100 _9753
_aTonelli, Guido
245 _aGenesis : the story of how everything began
_c/ by Guido Tonelli
260 _aLondon :
_bProfile books Ltd,
_c2021
300 _a223 pages
336 _2rdacontent
_aText |
_btxt
337 _2rdamedia
_aUnmediated |
_bn
338 _2rdacarrier
_aVolume
_bnc
650 0 _2Library of congress
_9754
_aCOSMOLOGY
650 0 _2Library of congress
_9755
_aLIFE--ORIGIN
700 _9756
_aSegre, Erica
700 _9758
_aCarnell, Simon
942 _2lcc
_c002
999 _c82122
_d82122